Estandarización (marcas - medidas) de países del CAME /
Guardado en:
| Autores Corporativos: | , |
|---|---|
| Formato: | Texto |
| Publicado: |
Moscú:
CAME
|
| Etiquetas: |
Agregar Etiqueta
Sin Etiquetas, Sea el primero en etiquetar este registro!
|
MARC
| LEADER | 00000 a a2200000 04500 | ||
|---|---|---|---|
| 001 | 24260 | ||
| 003 | |||
| 040 | |||
| 090 | |a 171900 | ||
| 110 | |a Consejo de Ayuda Mutua Económica | ||
| 245 | |a Estandarización (marcas - medidas) de países del CAME / |c Consejo de Ayuda Mutua Económica | ||
| 260 | |a Moscú: |b CAME | ||
| 300 | |a 36 p. | ||
| 710 | |a CAME | ||
| 999 | |c 6031 |d 6031 | ||
